10 U.S. States with the most Chickens - Statistics

General Stats
  • This quiz has been taken 36 times
  • The average score is 7 of 10
Answer Stats
Chickens State % Correct
15.20 m California
86%
26.58 m Texas
83%
45.73 m Indiana
76%
15.86 m North Carolina
72%
52.69 m Ohio
72%
23.22 m Georgia
69%
54.95 m Iowa
55%
19.94 m Michigan
55%
16.50 m Arkansas
52%
32.54 m Pennsylvania
48%
No matching quizzes found
Score Distribution
Percent of People with Each Score
Percentile by Number Answered
Your Score History
You have not taken this quiz